| 000 | 00801cam a2200241 a 4500 | ||
|---|---|---|---|
| 001 | 000011601 | ||
| 005 | 20200929162511.0 | ||
| 008 | 901022s1989 cu a b 001 0 spa | ||
| 035 | _a(DLC) 90206954 | ||
| 040 |
_aDO-SdBNP _cDLC _dBNPHU |
||
| 082 |
_a686.2097291 _bR488i |
||
| 100 | 1 |
_aRicardo, José G., _d1919- _927418 |
|
| 245 | 1 | 3 |
_aLa imprenta en Cuba / _cJosé G. Ricardo ; edición Sonia María Martínez. |
| 260 |
_aLa Habana, (Cuba) : _bLetras Cubanas, _c1989. |
||
| 300 |
_a357 p. : _bil. ; _c18 cm. |
||
| 490 | 1 | _aGiraldilla | |
| 504 | _aIncluye referencias bibliográficas: (p. 353-357). | ||
| 650 | 4 |
_aImprenta _xHistoria _zHistoria _927419 |
|
| 700 | 1 |
_aMartínez, Sonia María, _eed. _927420 |
|
| 830 | 0 |
_aGiraldilla. _98904 |
|
| 910 | _aCatalogación por copia / LC | ||
| 049 | _aBNGR | ||
| 999 |
_c11296 _d11296 |
||